[Event "1st FIDE OWCCCC Pools-East 2021"]
[Site "Online"]
[Date "2021.02.20"]
[Round "4.3"]
[White "Lavrov, Maxim"]
[Black "Golovchenko, Gleb"]
[Result "1-0"]
[WhiteElo "2401"]
[BlackElo "2260"]
[Annotator "TA"]
[PlyCount "81"]
[EventDate "2021.02.19"]
[EventType "team-tourn"]
[EventCountry "NET"]
[SourceTitle "playchess.com"]
[Source "ChessBase"]
[SourceQuality "1"]

1. e4 c5 2. c3 Nf6 3. e5 Nd5 4. Nf3 Nc6 5. d4 cxd4 6. Bc4 Nb6 7. Bb3 d5 8. exd6 Qxd6 9. O-O e6 10. cxd4 Be7 11. Nc3 O-O 12. Bc2 Nd5 13. Qe2 b6 14. Rd1 Bb7 15. Ne4 Qc7 16. Neg5 Nf6 17. Ne5 h6 18. Ngf3 Nb4 19. Ba4 Nbd5 20. Bd2 Rac8 21. Rac1 Qd6 22. a3 a6 23. h3 b5 24. Bc2 b4 25. a4 a5 26. Bd3 Nb6 27. b3 Qd5 28. Nc4 Nxc4 29. Bxc4 Qd6 30. Ne5 Nd5 31. Qg4 Bf6 32. Re1 Kh8 33. Qh5 Qe7 34. Bxh6 gxh6 35. Qxh6+ Kg8 36. Bd3 Rfd8 37. Bh7+ Kh8 38. Bg6+ Kg8 39. Qh7+ Kf8 40. Bxf7 Qd6 41. Ng6# 1-0

[Event "1st FIDE OWCCCC Pools-East 2021"]
[Site "Online"]
[Date "2021.02.20"]
[Round "4.3"]
[White "Klek, Hanna Marie"]
[Black "NanaTsikara"]
[Result "1-0"]
[WhiteElo "2302"]
[BlackElo "1804"]
[Annotator "TA"]
[PlyCount "71"]
[EventDate "2021.02.19"]
[EventType "team-tourn"]
[EventCountry "NET"]
[SourceTitle "playchess.com"]
[Source "ChessBase"]
[SourceQuality "1"]

1. e4 c5 2. Nf3 d6 3. Nc3 Nf6 4. d4 cxd4 5. Nxd4 e6 6. Be3 a6 7. f3 Be7 8. Qd2 Nc6 9. g4 Qc7 10. g5 Nd7 11. h4 Nde5 12. Be2 b5 13. f4 Nc4 14. Bxc4 bxc4 15. Nf3 Rb8 16. Nd1 Bd7 17. c3 O-O 18. Nf2 Qa5 19. O-O Qc7 20. Qe2 d5 21. e5 g6 22. Ng4 Rb5 23. h5 Rfb8 24. Rab1 Kg7 25. Nf6 Bc5 26. Bxc5 Rxc5 27. Qh2 Rh8 28. Kg2 Ne7 29. Nd4 Nf5 30. Nxf5+ exf5 31. Rfd1 Bc6 32. Rd4 Qb7 33. Kg3 Rb5 34. Rd2 a5 35. Qf2 Kf8 36. Qd4 1-0

[Event "1st FIDE OWCCCC Pools-East 2021"]
[Site "Online"]
[Date "2021.02.20"]
[Round "4.4"]
[White "Nanjo, Ryosuke"]
[Black "Kabanova, Ekaterina"]
[Result "1/2-1/2"]
[WhiteElo "2338"]
[BlackElo "2138"]
[Annotator "TA"]
[PlyCount "106"]
[EventDate "2021.02.19"]
[EventType "team-tourn"]
[EventCountry "NET"]
[SourceTitle "playchess.com"]
[Source "ChessBase"]
[SourceQuality "1"]

1. e4 c5 2. c3 d6 3. Nf3 Nf6 4. Be2 Nbd7 5. d3 b6 6. O-O Bb7 7. Re1 g6 8. a4 Bg7 9. Nbd2 a6 10. Bf1 Qc7 11. Qb3 O-O 12. h3 h6 13. Nh4 Kh7 14. f4 Nh5 15. Ndf3 e5 16. f5 g5 17. g4 Nf4 18. f6 Nxf6 19. Nf5 c4 20. Qd1 cxd3 21. Bxf4 exf4 22. Bxd3 Kg8 23. h4 gxh4 24. N3xh4 d5 25. Nxg7 Kxg7 26. Nf5+ Kh8 27. g5 Nxe4 28. Bxe4 dxe4 29. Qd4+ f6 30. g6 Kg8 31. Nxh6+ Kg7 32. Nf5+ Kxg6 33. Rxe4 Qc5 34. Ne7+ Kf7 35. Qxc5 bxc5 36. Re2 Rae8 37. Rae1 Rh8 38. Nf5 Rh1+ 39. Kf2 Rxe1 40. Kxe1 Rxe2+ 41. Kxe2 Ke6 42. Ng7+ Ke5 43. Ne8 Bd5 44. b4 cxb4 45. cxb4 Bb3 46. a5 Ke4 47. Nd6+ Ke5 48. Nb7 f5 49. Nc5 Bc4+ 50. Kf3 Bd5+ 51. Ke2 Bc4+ 52. Kf3 Bd5+ 53. Ke2 Bc4+ 1/2-1/2

[Event "1st FIDE OWCCCC Pools-East 2021"]
[Site "Online"]
[Date "2021.02.20"]
[Round "4.4"]
[White "Kozhakina, Alena V."]
[Black "Komiagina, Maria"]
[Result "0-1"]
[WhiteElo "2271"]
[BlackElo "2241"]
[Annotator "TA"]
[PlyCount "88"]
[EventDate "2021.02.19"]
[EventType "team-tourn"]
[EventCountry "NET"]
[SourceTitle "playchess.com"]
[Source "ChessBase"]
[SourceQuality "1"]

1. e4 c5 2. Nc3 Nc6 3. d3 g6 4. Be3 d6 5. d4 cxd4 6. Bxd4 Nxd4 7. Qxd4 Nf6 8. e5 dxe5 9. Qxe5 Bd7 10. Nb5 Bg7 11. Nc7+ Kf8 12. Nxa8 Qxa8 13. O-O-O Qc8 14. Nf3 h6 15. Qd4 Kg8 16. Ne5 Be8 17. Qc4 Qf5 18. Nf3 Kh7 19. Bd3 Qa5 20. Rhe1 e6 21. c3 b5 22. Qb4 Qb6 23. Qd4 Qc7 24. Qe5 Qa5 25. Kb1 Nd5 26. Qd6 b4 27. c4 Nb6 28. Qf4 b3 29. a3 Na4 30. Nd4 e5 31. Qe4 exd4 32. h4 Nc3+ 33. Kc1 Nxd1 34. Kxd1 Bd7 35. g4 Re8 36. Qxe8 Bxe8 37. Rxe8 Qc7 38. h5 Qf4 39. hxg6+ fxg6 40. Re2 Qxg4 41. Kd2 h5 42. Re1 h4 43. Re4 Qh3 44. Re5 Qg2 0-1

[Event "1st FIDE OWCCCC Pools-East 2021"]
[Site "Online"]
[Date "2021.02.20"]
[Round "4.4"]
[White "Chlost, Marlena"]
[Black "Munkhzul, Davaakhuu"]
[Result "0-1"]
[WhiteElo "2160"]
[BlackElo "1991"]
[Annotator "TA"]
[PlyCount "78"]
[EventDate "2021.02.19"]
[EventType "team-tourn"]
[EventCountry "NET"]
[SourceTitle "playchess.com"]
[Source "ChessBase"]
[SourceQuality "1"]

1. e4 e5 2. Nf3 Nc6 3. Bb5 a6 4. Ba4 Nf6 5. O-O Be7 6. Re1 b5 7. Bb3 d6 8. c3 O-O 9. d4 Bg4 10. Be3 exd4 11. cxd4 d5 12. e5 Ne4 13. h3 Bh5 14. Nc3 Nxc3 15. bxc3 Qd7 16. Bc2 Na5 17. Bd3 Nc4 18. Bc1 Rad8 19. a4 c5 20. axb5 axb5 21. dxc5 Bxc5 22. Bxc4 dxc4 23. Qxd7 Rxd7 24. g4 Bg6 25. e6 fxe6 26. Kg2 Rdf7 27. Nd4 Rxf2+ 28. Kg1 e5 29. Be3 Rb2 30. Ne6 Bxe3+ 31. Rxe3 Re8 32. Nc7 Rc8 33. Nd5 Re8 34. Nc7 Rf8 35. Rxe5 b4 36. cxb4 c3 37. Ne6 Re8 38. Rae1 c2 39. R5e2 Rb1 0-1

[Event "1st FIDE OWCCCC Pools-East 2021"]
[Site "Online"]
[Date "2021.02.20"]
[Round "4.4"]
[White "Vekua, Temur"]
[Black "Agrest, Inna"]
[Result "1-0"]
[WhiteElo "2050"]
[BlackElo "2285"]
[Annotator "TA"]
[PlyCount "111"]
[EventDate "2021.02.19"]
[EventType "team-tourn"]
[EventCountry "NET"]
[SourceTitle "playchess.com"]
[Source "ChessBase"]
[SourceQuality "1"]

1. e4 e5 2. Nf3 Nc6 3. Bc4 Nf6 4. Ng5 d5 5. exd5 Na5 6. Bb5+ Bd7 7. Qe2 Bd6 8. Bxd7+ Qxd7 9. c4 O-O 10. Nc3 c6 11. d3 cxd5 12. cxd5 b5 13. O-O h6 14. Nge4 Nxe4 15. dxe4 a6 16. Be3 Nc4 17. b3 Nxe3 18. Qxe3 Rac8 19. Ne2 f5 20. Rac1 f4 21. Qf3 b4 22. Rxc8 Rxc8 23. Qd3 a5 24. Rc1 Rc5 25. Kf1 Rxc1+ 26. Nxc1 a4 27. f3 Kh7 28. Qc4 Qa7 29. Qc2 a3 30. Nd3 Qd4 31. g3 fxg3 32. hxg3 h5 33. Kg2 g6 34. Kh3 Qg1 35. Nf2 Qf1+ 36. Kh2 Be7 37. Nh3 Qa1 38. Qc7 Qxa2+ 39. Kh1 Qb1+ 40. Ng1 Qxb3 41. Qxe7+ Kh6 42. Qf8+ Kh7 43. Qf7+ Kh6 44. Qf8+ Kh7 45. Qf7+ Kh6 46. Qa7 a2 47. d6 Qb1 48. d7 a1=Q 49. Qxa1 Qxa1 50. d8=Q Qd4 51. Qh8+ Kg5 52. f4+ Kg4 53. Qc8+ Kxg3 54. Qh3+ Kf2 55. Qf3+ Ke1 56. Qe2# 1-0

[Event "1st FIDE OWCCCC Pools-East 2021"]
[Site "Online"]
[Date "2021.02.20"]
[Round "4.5"]
[White "GMAlex"]
[Black "Brylski, Pawel"]
[Result "1-0"]
[WhiteElo "2513"]
[BlackElo "1966"]
[Annotator "TA"]
[PlyCount "59"]
[EventDate "2021.02.19"]
[EventType "team-tourn"]
[EventCountry "NET"]
[SourceTitle "playchess.com"]
[Source "ChessBase"]
[SourceQuality "1"]

1. d4 g6 2. e4 Bg7 3. Nc3 d6 4. Nf3 a6 5. h3 b5 6. a4 b4 7. Nd5 a5 8. c3 c6 9. Ne3 Ba6 10. Bxa6 Nxa6 11. O-O Nf6 12. e5 Nd5 13. exd6 Qxd6 14. Nc4 Qc7 15. Nfe5 bxc3 16. bxc3 O-O 17. Qf3 f6 18. Ng4 h5 19. Nh2 e5 20. Ba3 Rf7 21. Nd6 Rd7 22. dxe5 fxe5 23. Ne4 c5 24. Rfd1 Rf8 25. Qe2 Qc6 26. Qb5 Qxb5 27. axb5 Nb8 28. Nxc5 Rd6 29. Ne4 Rdd8 30. Bxf8 1-0

[Event "1st FIDE OWCCCC Pools-East 2021"]
[Site "Online"]
[Date "2021.02.20"]
[Round "4.5"]
[White "Sodoma, Jan"]
[Black "Jakovenko, Dmitry"]
[Result "0-1"]
[WhiteElo "2306"]
[BlackElo "2684"]
[Annotator "TA"]
[PlyCount "102"]
[EventDate "2021.02.19"]
[EventType "team-tourn"]
[EventCountry "NET"]
[SourceTitle "playchess.com"]
[Source "ChessBase"]
[SourceQuality "1"]

1. Nf3 d5 2. d4 Nf6 3. c4 e6 4. Nc3 c6 5. e3 Nbd7 6. Qc2 Bd6 7. b3 O-O 8. Bd3 b6 9. O-O Bb7 10. e4 dxc4 11. bxc4 e5 12. d5 Nc5 13. Bg5 h6 14. Bh4 Rc8 15. Rac1 cxd5 16. cxd5 a6 17. Rfe1 b5 18. Qb1 Qe7 19. Ne2 g6 20. h3 Kg7 21. g4 Ncd7 22. g5 hxg5 23. Bxg5 Rh8 24. Kg2 Qe8 25. Ng3 Nh5 26. Nh4 Nxg3 27. fxg3 f6 28. Be3 Nc5 29. Be2 Rc7 30. Rf1 Bc8 31. Rf3 Qd7 32. Rh1 Na4 33. Bd2 Rf8 34. g4 Rh8 35. Be1 b4 36. Rhf1 Nc3 37. Bxc3 Rxc3 38. Kg3 Rxf3+ 39. Nxf3 a5 40. Rc1 Bb7 41. Qc2 Rc8 42. Qd2 Rxc1 43. Qxc1 a4 44. Nd2 f5 45. gxf5 gxf5 46. Kh2 Kf8 47. Qg1 Qg7 48. Qb6 Qc7 49. Nc4 Qxb6 50. Nxb6 b3 51. Nxa4 bxa2 0-1

[Event "1st FIDE OWCCCC Pools-East 2021"]
[Site "Online"]
[Date "2021.02.20"]
[Round "4.5"]
[White "Kulagin, Sergey"]
[Black "Sikorova, Olga"]
[Result "1/2-1/2"]
[WhiteElo "2047"]
[BlackElo "2215"]
[Annotator "TA"]
[PlyCount "138"]
[EventDate "2021.02.19"]
[EventType "team-tourn"]
[EventCountry "NET"]
[SourceTitle "playchess.com"]
[Source "ChessBase"]
[SourceQuality "1"]

1. e4 e6 2. d4 d5 3. Nd2 c5 4. exd5 Qxd5 5. Ngf3 cxd4 6. Bc4 Qd6 7. Qe2 Nf6 8. Nb3 Nc6 9. Bg5 d3 10. Bxd3 Be7 11. O-O-O Qc7 12. h4 Bd7 13. Kb1 h6 14. Be3 Nd5 15. Bd2 O-O-O 16. g3 Bf6 17. Be4 Nb6 18. Nc5 Rhe8 19. Rhe1 e5 20. Nxd7 Nxd7 21. Be3 Kb8 22. Qb5 Nb6 23. c3 h5 24. Nd2 g6 25. Nb3 Bg7 26. Nc5 f5 27. Bxc6 Qxc6 28. Rxd8+ Rxd8 29. Qxc6 bxc6 30. Ne6 Rd7 31. Nxg7 Rxg7 32. Bxb6 axb6 33. Rxe5 Kc7 34. Kc2 Kd6 35. Re8 Rf7 36. Rg8 Rf6 37. a4 c5 38. b4 cxb4 39. cxb4 Ke5 40. Kb3 Ke4 41. Re8+ Kf3 42. Rc8 Kxf2 43. Rc3 Kg2 44. a5 bxa5 45. bxa5 Kh3 46. Kb4 f4 47. gxf4+ Kxh4 48. Rc4 Kg3 49. Kb5 h4 50. a6 h3 51. a7 Rf8 52. Rc6 h2 53. Rxg6+ Kf2 54. Rh6 Rf5+ 55. Kb6 Rf6+ 56. Rxf6 h1=Q 57. Rc6 Qb1+ 58. Kc7 Qa2 59. Kb7 Qf7+ 60. Kb8 Qxf4+ 61. Kb7 Qb4+ 62. Rb6 Qe7+ 63. Kb8 Qd8+ 64. Kb7 Qd7+ 65. Kb8 Qd8+ 66. Kb7 Qe7+ 67. Kb8 Qe5+ 68. Kb7 Qd5+ 69. Kb8 Qd8+ 1/2-1/2

[Event "1st FIDE OWCCCC Pools-East 2021"]
[Site "Online"]
[Date "2021.02.20"]
[Round "4.6"]
[White "Vasilov, Artur"]
[Black "terrry"]
[Result "0-1"]
[WhiteElo "2266"]
[BlackElo "2563"]
[Annotator "TA"]
[PlyCount "78"]
[EventDate "2021.02.19"]
[EventType "team-tourn"]
[EventCountry "NET"]
[SourceTitle "playchess.com"]
[Source "ChessBase"]
[SourceQuality "1"]

1. c4 e5 2. Nc3 Nc6 3. g3 g6 4. Bg2 Bg7 5. e3 d6 6. Nge2 Nge7 7. O-O Bg4 8. Rb1 Qd7 9. Nd5 Nxd5 10. cxd5 Ne7 11. e4 O-O 12. d3 Bh3 13. Be3 Bxg2 14. Kxg2 f5 15. f4 c6 16. Qb3 cxd5 17. exd5 a6 18. fxe5 Bxe5 19. a4 b5 20. d4 bxa4 21. Qa2 Bg7 22. Rbe1 Rab8 23. Nc3 Rb4 24. Bg5 Bf6 25. Bxf6 Rxf6 26. Rf2 Rxd4 27. Rfe2 Rf7 28. Re6 f4 29. gxf4 Rdxf4 30. Ne4 Qa7 31. Qc4 Rf2+ 32. Kh1 Rxb2 33. Qxa4 Kg7 34. Qe8 Rb8 35. Qc6 Rb6 36. Qc3+ Kf8 37. Qh8+ Ng8 38. Nf6 Rg7 39. Nxg8 Rb8 0-1

[Event "1st FIDE OWCCCC Pools-East 2021"]
[Site "Online"]
[Date "2021.02.20"]
[Round "4.6"]
[White "Slovak, Pavel"]
[Black "Grishin, Alexander"]
[Result "1/2-1/2"]
[WhiteElo "1991"]
[BlackElo "2186"]
[Annotator "TA"]
[PlyCount "86"]
[EventDate "2021.02.19"]
[EventType "team-tourn"]
[EventCountry "NET"]
[SourceTitle "playchess.com"]
[Source "ChessBase"]
[SourceQuality "1"]

1. e4 g6 2. d4 Bg7 3. Nf3 d6 4. Bc4 Nf6 5. Nc3 c6 6. Bb3 Bg4 7. h3 Bxf3 8. Qxf3 e5 9. dxe5 dxe5 10. O-O O-O 11. Bg5 Nbd7 12. Rad1 Qe7 13. Rxd7 Qxd7 14. Bxf6 Rae8 15. Rd1 Qc7 16. Ne2 Bxf6 17. Qxf6 Qe7 18. Qxe7 Rxe7 19. Rd6 Kg7 20. a4 Rc8 21. a5 a6 22. Nc3 Rcc7 23. Kf1 Rcd7 24. Rxd7 Rxd7 25. Ke2 Kf8 26. Na4 Ke7 27. Nb6 Rc7 28. Ke3 f6 29. g3 Kd6 30. Bc4 Rg7 31. c3 Kc5 32. b4+ Kd6 33. f4 Kc7 34. fxe5 fxe5 35. Kf3 Kd6 36. Kg4 h6 37. h4 Ke7 38. Kf3 Kd6 39. Bb3 Ke7 40. Nc4 Kf6 41. Nb6 Ke7 42. Nc4 Kf6 43. Nb6 Ke7 1/2-1/2

[Event "1st FIDE OWCCCC Pools-East 2021"]
[Site "Online"]
[Date "2021.02.20"]
[Round "4.6"]
[White "Furtak, Joanna"]
[Black "Todorovic, Bojan"]
[Result "0-1"]
[WhiteElo "1868"]
[BlackElo "2280"]
[Annotator "TA"]
[PlyCount "116"]
[EventDate "2021.02.19"]
[EventType "team-tourn"]
[EventCountry "NET"]
[SourceTitle "playchess.com"]
[Source "ChessBase"]
[SourceQuality "1"]

1. e4 e5 2. Bc4 Nf6 3. Nc3 Bc5 4. f4 d6 5. Nf3 O-O 6. d3 Nc6 7. f5 Na5 8. a3 Nxc4 9. dxc4 c6 10. Bg5 a5 11. Qd3 a4 12. O-O-O Qa5 13. Be3 Bxe3+ 14. Qxe3 Qc7 15. Qd3 Ne8 16. g4 f6 17. g5 b6 18. gxf6 Rxf6 19. Nd5 Qb7 20. Nxf6+ gxf6 21. Rhg1+ Kh8 22. Rg2 Qf7 23. Rdg1 Ba6 24. Nd2 Rd8 25. Qg3 Nc7 26. Qg7+ Qxg7 27. Rxg7 Rc8 28. Rd7 Ne8 29. Rg3 b5 30. Rh3 bxc4 31. Rdxh7+ Kg8 32. Rh8+ Kf7 33. R3h7+ Ng7 34. Rxc8 Bxc8 35. Rh8 Ne8 36. Nxc4 Ba6 37. b3 d5 38. exd5 cxd5 39. Nd2 e4 40. Rh7+ Ng7 41. c4 axb3 42. cxd5 e3 43. Nf3 Bb7 44. Kd1 Bxd5 45. Ne1 Be4 46. Rh3 b2 47. Rxe3 b1=Q+ 48. Ke2 Qb2+ 49. Kf1 Bd5 50. Re2 Qxa3 51. Rd2 Qc5 52. Nd3 Bc4 53. Ke1 Bxd3 54. Rxd3 Nxf5 55. Kd2 Qf2+ 56. Kc3 Qxh2 57. Rd7+ Ke6 58. Ra7 Nd6 0-1

[Event "1st FIDE OWCCCC Pools-East 2021"]
[Site "Online"]
[Date "2021.02.20"]
[Round "4.7"]
[White "Kolar, Pavel"]
[Black "Komendatyan, Artyom"]
[Result "0-1"]
[WhiteElo "2156"]
[BlackElo "2195"]
[Annotator "TA"]
[PlyCount "118"]
[EventDate "2021.02.19"]
[EventType "team-tourn"]
[EventCountry "NET"]
[SourceTitle "playchess.com"]
[Source "ChessBase"]
[SourceQuality "1"]

1. e4 c5 2. Nf3 Nc6 3. d4 cxd4 4. Nxd4 e6 5. g3 Nf6 6. Bg2 Bb4+ 7. c3 Be7 8. O-O O-O 9. Nxc6 dxc6 10. Qe2 e5 11. Nd2 Qc7 12. a4 Bg4 13. f3 Be6 14. Kh1 Rad8 15. Re1 Nd7 16. b4 a5 17. Ba3 Ra8 18. b5 Bxa3 19. Rxa3 Nc5 20. c4 Rad8 21. Bf1 Rd7 22. Qe3 b6 23. Nb3 Nxb3 24. Rxb3 c5 25. f4 Rd4 26. Rc3 exf4 27. gxf4 Rfd8 28. f5 Bc8 29. Bg2 Qe5 30. Qg3 Re8 31. Rcc1 Bb7 32. Qg5 f6 33. Qg4 Re7 34. Kg1 Rd2 35. Re3 Qd4 36. Rce1 Qxc4 37. Qf4 Qd4 38. Qb8+ Qd8 39. Qxd8+ Rxd8 40. e5 fxe5 41. Bxb7 Rxb7 42. Rxe5 Kf7 43. Re6 Rdd7 44. Rc6 Re7 45. Rd1 Re5 46. Rdd6 Rxf5 47. Rxb6 Rxb6 48. Rxb6 Rf4 49. Rc6 Rxa4 50. Rxc5 Rb4 51. b6 a4 52. Ra5 Ke6 53. b7 Rxb7 54. Rxa4 Rb2 55. Ra5 Kf6 56. Rc5 Kg6 57. Rd5 Kh6 58. Rc5 g5 59. Rd5 Kh5 0-1

[Event "1st FIDE OWCCCC Pools-East 2021"]
[Site "Online"]
[Date "2021.02.20"]
[Round "4.7"]
[White "Mitic, Milan"]
[Black "Krasenkow, Michal"]
[Result "0-1"]
[WhiteElo "1993"]
[BlackElo "2597"]
[Annotator "TA"]
[PlyCount "70"]
[EventDate "2021.02.19"]
[EventType "team-tourn"]
[EventCountry "NET"]
[SourceTitle "playchess.com"]
[Source "ChessBase"]
[SourceQuality "1"]

1. e4 Nf6 2. Nc3 d5 3. exd5 Nxd5 4. Bc4 Nb6 5. Bb3 c5 6. d3 Nc6 7. Bg5 Qc7 8. Qf3 e6 9. Nge2 Nd4 10. Nxd4 cxd4 11. Ne4 Bb4+ 12. Kf1 Bd7 13. h4 f6 14. Qh5+ Kf8 15. Bxf6 gxf6 16. Qh6+ Ke8 17. Qg7 Rf8 18. Nxf6+ Kd8 19. Nxh7 Re8 20. Nf6 Rf8 21. Rh3 Bc6 22. Qxc7+ Kxc7 23. Ne4 Nd5 24. g3 Rf5 25. Ke2 Raf8 26. f4 e5 27. Ng5 Kd7 28. Rh2 exf4 29. g4 Re5+ 30. Kf2 f3 31. Rh3 Re2+ 32. Kf1 Ne3+ 33. Kg1 f2+ 34. Kh2 f1=Q+ 35. Kg3 Qg2# 0-1

[Event "1st FIDE OWCCCC Pools-East 2021"]
[Site "Online"]
[Date "2021.02.20"]
[Round "4.7"]
[White "Pinto, Andre Jorge P A Nuno"]
[Black "Kubicek, Robert"]
[Result "1/2-1/2"]
[WhiteElo "1534"]
[BlackElo "2141"]
[Annotator "TA"]
[PlyCount "41"]
[EventDate "2021.02.19"]
[EventType "team-tourn"]
[EventCountry "NET"]
[SourceTitle "playchess.com"]
[Source "ChessBase"]
[SourceQuality "1"]

1. e4 c6 2. d4 d5 3. Nd2 dxe4 4. Nxe4 Nf6 5. Nxf6+ gxf6 6. Be3 Qc7 7. Qd2 Bf5 8. O-O-O Nd7 9. Bd3 Bxd3 10. Qxd3 O-O-O 11. d5 c5 12. c4 h5 13. Nf3 Kb8 14. Rhe1 Ka8 15. g3 Qa5 16. Kb1 Nb6 17. Qe4 Qb4 18. b3 Rd6 19. Bd2 Qa3 20. Bc1 Qa5 21. Bb2 1/2-1/2

[Event "1st FIDE OWCCCC Pools-East 2021"]
[Site "Online"]
[Date "2021.02.20"]
[Round "4.8"]
[White "Rjanova, Valery"]
[Black "Vevera, Radek"]
[Result "1-0"]
[WhiteElo "2178"]
[BlackElo "2062"]
[Annotator "TA"]
[PlyCount "99"]
[EventDate "2021.02.19"]
[EventType "team-tourn"]
[EventCountry "NET"]
[SourceTitle "playchess.com"]
[Source "ChessBase"]
[SourceQuality "1"]

1. e4 c6 2. d4 d5 3. Nd2 dxe4 4. Nxe4 Bf5 5. Ng3 Bg6 6. Nh3 Nf6 7. Nf4 e5 8. Nxg6 hxg6 9. Be3 Nbd7 10. Bc4 Nb6 11. Bb3 exd4 12. Qxd4 Be7 13. O-O-O O-O 14. Rhe1 Nbd5 15. Bg5 Re8 16. Qh4 Qc7 17. f4 Bd6 18. f5 gxf5 19. Nxf5 Bf4+ 20. Kb1 Bxg5 21. Qxg5 g6 22. c4 Qf4 23. Qxf4 Nxf4 24. Nd6 Rxe1 25. Rxe1 Rd8 26. c5 N4d5 27. Nxb7 Rd7 28. Nd6 Kg7 29. g3 Ng4 30. h3 Nge3 31. Bxd5 Nxd5 32. Re8 f5 33. Kc2 Kf6 34. a3 Rh7 35. h4 f4 36. Rf8+ Ke5 37. gxf4+ Nxf4 38. Rc8 Kd4 39. Rxc6 Rxh4 40. Rc8 Rh2+ 41. Kb3 Nd3 42. c6 Rxb2+ 43. Ka4 Nc5+ 44. Ka5 Rb3 45. Nb5+ Kd5 46. c7 Nb7+ 47. Ka6 Rxb5 48. Rd8+ Nd6 49. Rxd6+ Kxd6 50. c8=Q 1-0

[Event "1st FIDE OWCCCC Pools-East 2021"]
[Site "Online"]
[Date "2021.02.20"]
[Round "4.8"]
[White "Jay_"]
[Black "Iljushina, Olga"]
[Result "1-0"]
[WhiteElo "1988"]
[BlackElo "2132"]
[Annotator "NA RC"]
[PlyCount "81"]
[EventDate "2021.02.19"]
[EventType "team-tourn"]
[EventCountry "NET"]
[SourceTitle "playchess.com"]
[Source "ChessBase"]
[SourceQuality "1"]

1. e4 c5 2. Nc3 Nc6 3. f4 g6 4. Nf3 Bg7 5. Bc4 e6 6. O-O Nge7 7. Qe1 O-O 8. d3 d5 9. Bb3 Nd4 10. Nxd4 cxd4 11. Ne2 dxe4 12. dxe4 b5 13. Ng3 a5 14. a4 Ba6 15. Rf3 Qb6 16. Kh1 Rfe8 17. Bd2 b4 18. Qf2 Bb7 19. Re1 Rad8 20. Rd3 Ba6 21. Rf3 Bb7 22. Bc1 Qc7 23. Rd3 Ba6 24. Rdd1 d3 25. cxd3 Rxd3 26. Rxd3 Bxd3 27. f5 gxf5 28. exf5 exf5 29. Bg5 Be5 30. Bxe7 Rxe7 31. Nxf5 Bxf5 32. Qxf5 Bg7 33. Rf1 Qd7 34. Qf3 Qb7 35. Bd5 Qc7 36. b3 Be5 37. Qh5 Bg7 38. Bc4 Kh8 39. Bxf7 Qe5 40. Qf3 Qe2 41. Qa8+ 1-0

[Event "1st FIDE OWCCCC Pools-East 2021"]
[Site "Online"]
[Date "2021.02.20"]
[Round "4.8"]
[White "Pilny, Jiri"]
[Black "Kondrashina, Svetlana"]
[Result "1-0"]
[WhiteElo "1946"]
[BlackElo "1588"]
[Annotator "NA"]
[PlyCount "127"]
[EventDate "2021.02.19"]
[EventType "team-tourn"]
[EventCountry "NET"]
[SourceTitle "playchess.com"]
[Source "ChessBase"]
[SourceQuality "1"]

1. d4 d5 2. Nf3 Nf6 3. Bf4 e6 4. e3 Bd6 5. Bg3 Ne4 6. Bd3 Nxg3 7. hxg3 h6 8. g4 c5 9. c3 cxd4 10. exd4 Qb6 11. Qc1 Bd7 12. g5 h5 13. Nbd2 Bf4 14. g3 Bxd2+ 15. Qxd2 Bb5 16. Rb1 Nd7 17. Qe2 Bxd3 18. Qxd3 O-O-O 19. Qe2 Qa5 20. a3 Nb6 21. Ne5 Rdf8 22. Rxh5 Nc4 23. Nxc4 dxc4 24. Qxc4+ Kb8 25. Qe2 Qf5 26. Rd1 g6 27. Rxh8 Rxh8 28. Qe5+ Qxe5+ 29. dxe5 Kc7 30. Ke2 Rh5 31. Ke3 Rxg5 32. Ke4 Rh5 33. b4 Rh2 34. Rd2 Rh1 35. c4 Re1+ 36. Kf4 Rc1 37. c5 Ra1 38. Rd3 Ra2 39. f3 a6 40. Kg5 Re2 41. f4 Rh2 42. Kf6 Rh7 43. a4 Kc6 44. Rd6+ Kc7 45. b5 axb5 46. axb5 Rh3 47. Rd3 Rh7 48. Rd6 Kc8 49. c6 bxc6 50. bxc6 Kc7 51. Rd7+ Kxc6 52. Rxf7 Rh3 53. g4 Rf3 54. Kxe6 Rg3 55. g5 Rf3 56. Rf6 Kc7 57. Kf7 Kd7 58. Kxg6 Ke7 59. f5 Re3 60. e6 Rg3 61. Rf7+ Ke8 62. f6 Ra3 63. Rb7 Ra8 64. f7+ 1-0

[Event "1st FIDE OWCCCC Pools-East 2021"]
[Site "Online"]
[Date "2021.02.20"]
[Round "4.8"]
[White "Czyzykiewicz, Rafal"]
[Black "Nikolic, Jelena"]
[Result "1-0"]
[WhiteElo "1745"]
[BlackElo "1696"]
[Annotator "NA"]
[PlyCount "101"]
[EventDate "2021.02.19"]
[EventType "team-tourn"]
[EventCountry "NET"]
[SourceTitle "playchess.com"]
[Source "ChessBase"]
[SourceQuality "1"]

1. e4 d5 2. exd5 Qxd5 3. Nc3 Qa5 4. d4 Nf6 5. Nf3 c6 6. Ne5 Nbd7 7. Nc4 Qc7 8. Qf3 Nb6 9. Bf4 Qd8 10. O-O-O Bg4 11. Qd3 Bxd1 12. Qxd1 e6 13. Ne5 Nbd5 14. Qf3 Nxf4 15. Qxf4 Bb4 16. Ne4 Qe7 17. Nxf6+ Qxf6 18. Qe4 O-O-O 19. Nxc6 Qg5+ 20. f4 Qd5 21. Qxd5 Rxd5 22. Nxb4 Rxd4 23. Nd3 Rhd8 24. g3 f6 25. Bg2 Kc7 26. Re1 Re8 27. Bh3 Rd6 28. Nc5 e5 29. fxe5 fxe5 30. Bg2 b6 31. Na6+ Kc8 32. Re3 Rd4 33. c3 Rd6 34. Nb4 Kc7 35. Na6+ Kc8 36. Bh3+ Kb7 37. Nb4 a5 38. Nd3 Rh6 39. Bg2+ Kc7 40. h3 Rhe6 41. Bd5 Rf6 42. a4 Kd6 43. Be4 h6 44. g4 g5 45. Bf5 Kc6 46. Nf2 Rd6 47. Ne4 Rd5 48. Nf6 Red8 49. Nxd5 Kxd5 50. Rd3+ Kc4 51. Rxd8 1-0

[Event "1st FIDE OWCCCC Pools-East 2021"]
[Site "Online"]
[Date "2021.02.20"]
[Round "4.9"]
[White "Giri, Anish"]
[Black "Antonenko, Vladimir"]
[Result "1-0"]
[WhiteElo "2764"]
[BlackElo "2391"]
[Annotator "TA"]
[PlyCount "81"]
[EventDate "2021.02.19"]
[EventType "team-tourn"]
[EventCountry "NET"]
[SourceTitle "playchess.com"]
[Source "ChessBase"]
[SourceQuality "1"]

1. d4 Nf6 2. Bf4 e6 3. Nf3 d5 4. e3 Bd6 5. Nbd2 Bxf4 6. exf4 c5 7. dxc5 Qa5 8. Bd3 Nbd7 9. O-O Nxc5 10. Nb3 Qc7 11. Nxc5 Qxc5 12. Re1 O-O 13. c3 Bd7 14. Nd4 a5 15. a4 Rfe8 16. Qd2 Rad8 17. Re2 Qc7 18. Qe3 Nh5 19. g3 Nf6 20. Qe5 Rc8 21. Qxc7 Rxc7 22. f3 Kf8 23. g4 g6 24. Bc2 Rb8 25. Kf2 b5 26. axb5 Bxb5 27. Rxe6 Ne8 28. Re5 Bd7 29. Ra2 Rc5 30. Kg3 Nc7 31. f5 f6 32. Re2 g5 33. h4 h6 34. hxg5 hxg5 35. f4 gxf4+ 36. Kxf4 Kf7 37. Rh2 Kg7 38. g5 fxg5+ 39. Kxg5 Rb6 40. f6+ Rxf6 41. Rh7+ 1-0